000 00745nam a22002657a 4500
005 20250508170208.0
008 250508b |||||||| |||| 00| 0 eng d
037 _cTB
040 _aLCT
_cLCT
041 _2eng
_aeng
_heng
084 _aZ,9298 Q15
100 _aJain, M P
245 _aPrinciples of Administrative Law/
250 _a6th ed.
260 _a Gurgaon, India:
_bLexis Nexis,
_c2015
300 _acxlvii, 1100p.
650 _a Law
650 _aAdministrative Law
650 _aNatural Justice
650 _aJudicial review
_9439791
650 _aJudicial remedies
_9755444
650 _aPublic Corporations
_9755445
700 _aJain, S N
942 _2CC
_cTB
_hZ,9298 Q15
_n0
999 _c1399724
_d1399724